Die Väter; (Record no. 4279)

MARC details
000 -LEADER
fixed length control field 00528cam a22002051 4500
001 - CONTROL NUMBER
control field af 48000939
003 - CONTROL NUMBER IDENTIFIER
control field DLC
005 - DATE AND TIME OF LATEST TRANSACTION
control field 20260227110846.0
008 - FIXED-LENGTH DATA ELEMENTS--GENERAL INFORMATION
fixed length control field 890320s1944 gw 000 1 ger c
010 ## - LIBRARY OF CONGRESS CONTROL NUMBER
LC control number af 48000939
035 ## - SYSTEM CONTROL NUMBER
System control number (OCoLC)19402644
040 ## - CATALOGING SOURCE
Original cataloging agency Yale Univ. Library
Transcribing agency CU
Modifying agency DLC
042 ## - AUTHENTICATION CODE
Authentication code premarc
050 00 - LIBRARY OF CONGRESS CALL NUMBER
Classification number PT2601.N36
Item number V3
082 ## - DEWEY DECIMAL CLASSIFICATION NUMBER
Classification number 833.91
100 1# - MAIN ENTRY--PERSONAL NAME
Personal name Andreae, Illa Aloysia Elisabeth.
245 14 - TITLE STATEMENT
Title Die Väter;
Remainder of title Roman.
260 ## - PUBLICATION, DISTRIBUTION, ETC.
Place of publication, distribution, etc. Hamburg,
Name of publisher, distributor, etc. Hammerich & Lesser
Date of publication, distribution, etc. [1944]
300 ## - PHYSICAL DESCRIPTION
Extent 318 p.
Dimensions 20 cm.

No items available.

Powered by Koha